000 00336nam a2200133Ia 4500
008 100328s9999 xx 000 0 und d
082 _b44707
100 _aभावे पु.भा.
245 _aघायाळ
260 _bपु.भा.भावे
630 _aघायाळ
730 _aघायाळ
942 _cBOOK
999 _c532967
_d532964